| 000 | 00949cab a2200253 4500 | ||
|---|---|---|---|
| 001 | ABS68291 | ||
| 008 | 040915n2004 000 0 eng u | ||
| 035 | _a(Sirsi) u127425 | ||
| 100 | _aDay, M. | ||
| 245 | 2 | _aA change for the better? | |
| 260 | _c2004 | ||
| 490 |
_aWastes Management _vSeptember 2004, 34-35(2) |
||
| 520 | _aDiscusses what effect the proposed changes on hazardous waste will have on those who produce, handle and store it. England and Wales have issued consultations on making wholesale changes on the way in which hazardous waste is controlled from production to final treatment or disposal. | ||
| 590 | _aABS | ||
| 650 | _aDIRECTIVE 99/31/EC | ||
| 650 | _aHAZARDOUS WASTE | ||
| 650 | _aWASTE CONTROL | ||
| 650 | _aWASTE DISPOSAL | ||
| 650 | _aWASTE HANDLING | ||
| 650 | _aWASTE POLICY | ||
| 650 | _aSPECIAL WASTE REGULATIONS 1996 | ||
| 690 | _aENVIRONMENTAL AND LAND CONSULTANCY-WASTE MANAGEMENT | ||
| 942 | _n0 | ||
| 999 |
_c74534 _d74534 |
||